000 00480nam a2200181Ia 4500
003 GCL
008 140319s9999 xx 000 0 eng d
040 _aGCL /
_cGCL
082 0 4 _a004.03
_bK E
100 1 _aKASHOU, RUSHDI
245 1 0 _aENGLISH ARABIC COMPUTER DICTIONARY /
_cKASHOU, RUSHDI
260 _a[S.N] :
_bSAQAR COMPUTERS LTD ،
_c1997
300 _a402 P
650 0 4 _aشعر الحرب
650 0 4 _aCOMPUTER
650 0 4 _aCOMPUTER DICTIONARIES
942 _2ddc
_cBK
999 _c12947
_d12947